000
00292nam a22001337a 4500
008
171017b xxu||||| |||| 00| 0 eng d
020
_a
9781429217569
041
_a
eng
080
_a
331.101.262
100
_a
52
101
_a
bnj
245
_a
MICROECONOMICS
_c
KRUGMAN, P
942
_2
udc
_c
BK
999
_c
34390
_d
34390